Score 0/12 Timer 02:00
1 Play Today
Song Missing Word % Correct
___ It BeLet
97%
The Long and _______ RoadWinding
84.3%
___ BackGet
79.2%
______ the UniverseAcross
62.6%
Maggie ___Mae
59.8%
___ of UsTwo
50.3%
I Me ____Mine
47.1%
I've Got a _______Feeling
39.4%
Dig a ____Pony
34.1%
One _____ 909After
26.5%
For You ____Blue
25.1%
___ ItDig
24.2%

Today's Daily Dose

You're not logged in!

Compare scores with friends on all Sporcle quizzes.
OR
Log In

Sporcle TV

Today on Sporcle TV


Watch our educational content, quiz creation guides, and fun videos on Sporcle TV.

Show Comments

Extras

Top Quizzes Today


Score Distribution

Paid Content

Your Account Isn't Verified!

In order to create a playlist on Sporcle, you need to verify the email address you used during registration. Go to your Sporcle Settings to finish the process.

Report this User

Report this user for behavior that violates our Community Guidelines.

Details: